000 nam a22 7a 4500
999 _c7743
_d7743
008 171005b xxu||||| |||| 00| 0 eng d
100 _94224
_aKundra.S.
245 _aPhysical Education-XII
260 _aNew Delhi
_bEvergreen
_c2009